header

Old-age income support in the 21st century (Record no. 74192)

MARC details
000 -LEADER
fixed length control field 01345nam a2200337Ia 4500
082 04 - DEWEY DECIMAL CLASSIFICATION NUMBER
Classification number 331.25/2
100 1# - MAIN ENTRY--AUTHOR NAME
Personal name Holzmann, Robert.
245 10 - TITLE STATEMENT
Title Old-age income support in the 21st century
260 ## - PUBLICATION, DISTRIBUTION, ETC. (IMPRINT)
Place of publication Washington, DC :
Name of publisher World Bank,
Year of publication 2005.
300 ## - PHYSICAL DESCRIPTION
Number of Pages ix, 232 p.
650 #0 - SUBJECT ADDED ENTRY--TOPICAL TERM
Topical Term Old age pensions
Topical Term Aging
Topical Term Income maintenance programs.
Topical Term Social security.
700 1# - ADDED ENTRY--PERSONAL NAME
Personal name Hinz, Richard P.
856 40 - ELECTRONIC LOCATION AND ACCESS
Uniform Resource Identifier http://site.ebrary.com/lib/rucke/Doc?id=10079946

No items available.

© 2026 Rongo University
Contact us: librarian | system librarian | Rongo university